Statistics for Elie Wiesel Bibliography

Click here to take the quiz!

General Stats

  • This quiz has been taken 3 times
  • The average score is 2 of 109

Answer Stats

TypeYearName% Correct
Memoir1958Night
100%
Omnibus1985Night / Day / Dawn
100%
Novel1961Dawn
33%
Novel1968A Beggar in Jerusalem
0%
Essay1978Accomplices
0%
Essay1990A Celebration of Friendship
0%
Essay1978A Father and His Son
0%
Essay1978Against Despair
0%
Writings Collection1985Against Silence: The Voice and Vision of Elie Wiesel
0%
Essay1978A House of Strangers
0%
Essay Collection1978A Jew Today
0%
Non-Fiction Book1990A Journey of Faith
0%
Memoir1994All Rivers Run to the Sea: Memoirs, Vol. I, 1928-1969
0%
Novel2006A Mad Desire to Dance
0%
Essay1978A Man and His Little Sister
0%
Essay1978A Mother and Her Daughter
0%
Memoir1996And the Sea Is Never Full: Memoirs Vol. II, ,1969-
0%
Memoir1956And the World Remained Still
0%
Short Story2004An Evening Guest
0%
Cantata1973Ani Maamin
0%
Essay1978An Interview Unlike Any Other
0%
Short Story2004An Old Acquaintance
0%
Non-Fiction Book1993A Passover Haggadah
0%
Short Story2004A Plea for the Dead
0%
Essay1978A Plea for the Survivors
0%
Short Story2004Appointment with Hate
0%
Essay1978A Quest for Jerusalem
0%
Essay1990Are We Afraid of Peace?
0%
Cantata1987A Song for Hope
0%
Essay1978Biafra, the End
0%
Essay1990Bitburg
0%
Essay1978Dateline: Johannesburg
0%
Novel1962Day
0%
Essay1990Dialogues
0%
Essay1978Dodye Feig
0%
Interview Collection1988Evil and Exile
0%
Non-Fiction Book1981Five Biblical Portraits
0%
Non-Fiction Book1978Four Hasidic Masters and Their Struggle Against Melancholy
0%
Essay Collection1990From the Kingdom of Memory: Reminiscences
0%
Novel2010Hostage
0%
Non-Fiction Book1980Images from the Bible: The Paintings of Shalom of Safed, the Words of Elie Wiesel
0%
Essay1990Inside a Library
0%
Essay1990Kaddish in Cambodia
0%
Children's Book1999King Solomon and His Magic Ring
0%
Short Story Collection2004Legends of Our Time
0%
Essay1978Legends of Today
0%
Essay1990Making the Ghosts Speak
0%
Essay1990Meeting Again
0%
Memoir1995Memoir in Two Voices
0%
Non-Fiction Book1975Messengers of God: Biblical Portraits and Legends
0%
Essay1990More Dialogues
0%
Short Story2004Moscow Revisited
0%
Short Story2004Moshe the Madman
0%
Short Story2004My Teachers
0%
Essay Collection1970One Generation After
0%
Essay1990Passover
0%
Essay1990Peretz Markish
0%
Essay1990Pilgrimage to the Kingdom of Night
0%
Non-Fiction Book1998Prophetic Celebration: Portraits and Legends
0%
Non-Fiction Book2009Rashi
0%
Non-Fiction Book1991Sages and Dreamers: Biblical, Talmudic, and Hasidic Portraits and Legends
0%
Essay1990Sighet Again
0%
Non-Fiction Book1982Somewhere a Master: Hasidic Portraits and Legends
0%
Non-Fiction Book1972Souls on Fire: Portraits and Legends of Hasidic Masters
0%
Non-Fiction Book1991Talmudic Celebration: Portraits and Legends
0%
Short Story2004Testament of a Jew from Saragossa
0%
Essay1990Testimony at the Barbie Trial
0%
Short Story2004The Death of My Father
0%
Novel1983The Fifth Son
0%
Novel1989The Forgotten
0%
Novel1964The Gates of the Forest
0%
Children's Book1983The Golem
0%
Essay1978The Graveyard Penitent
0%
Short Story2004The Guilt We Share
0%
Essay1978The Heirs
0%
Essay1978The Jew and War
0%
Novel1999The Judges
0%
Short Story2004The Last Return
0%
Essay1990The Nobel Address
0%
Essay1990The Nobel Lecture
0%
Novel1973The Oath
0%
Short Story2004The Orphan
0%
Short Story2004The Promise
0%
Essay1978The Scrolls, Too, Are Moral
0%
Non-Fiction Book1988The Six Days of Destruction: Meditations Towards Hope
0%
Novel2008The Sonderberg Chance
0%
Essay1990The Stranger in the Bible
0%
Novel1980The Testament
0%
Novel2003The Time of the Uprooted
0%
Novel1962The Town Beyond the Wall
0%
Play1979The Trial of God (as It Was Held on February 25, 1649, Shamgorod)
0%
Short Story2004The Wandering Jew
0%
Essay1978To a Brother in Israel
0%
Essay1978To a Young Jew in Soviet Russia
0%
Essay1978To a Young Palestinian Arab
0%
Essay1978To Be a Jew
0%
Essay1990To Believe or Not to Believe
0%
Essay1990Trivializing Memory
0%
Novel1988Twilight
0%
Essay1978What Did Happen to the Six Million?
0%
Essay1990What Really Makes Us Free?
0%
Essay1990When Memory Brings People Together
0%
Essay1978Why I Am Afraid
0%
Essay1990Why I Write
0%
Essay1978Why Solzhenitsyn Troubles Me
0%
Non-Fiction Book2003Wise Men and Their Tales: Portraits of Biblical, Talmudic, and Hasidic Masters
0%
Short Story2004Yom Kippur: The Day Without Forgiveness
0%
Play1974Zalmen, or the Madness of God
0%
Essay1978Zionism and Racism
0%

Score Distribution

Percentile by Number Answered

Percent of People with Each Score

Your Score History

You have not taken this quiz